000 00654nas a2200229 i 4500
001 2025
003 ES-MaACL
005 20250217134450.0
007 t|
008 950801d19271933fr | | 1 ||re d
022 _a0151-1947
245 0 0 _aRevue d'Allemagne et des pays de langue allemande /
_c[dir. Maurice Boucher].
260 _aParis :
_bMontaigne,
_c1927-1933 (
_fRamlot)
300 _a2 v. ;
_c22 cm.
310 _aMensual
362 0 _aNº 1(Nov.1927)- Nº 74(1933)
650 1 4 _aRevistas de información general.
_916896
700 1 _aBoucher, Maurice.
_930833
852 _aES-MaACL
_jHem-471
866 0 _o1933
999 _c2025
_d2025